000 nam a22 7a 4500
999 _c232543
_d232543
003 ASAB
005 20170220160836.0
008 170220b xxu||||| |||| 00| 0 eng d
040 _cASAB
082 _a 572.86 KUM
245 _aApplication of Genome characterization
_cveena kumari
942 _2ddc
_cBK